000
003000000a22001450004500
003
MACL
040
_a
MACL
090
_c
8719
_d
8718
100
_a
Adiga, Aravind
245
_a
The White Tiger
260
_b
Harper Collins Publishers
_c
2009
350
_a
395
650
_a
Ficition
942
_c
BOOK
_k
823
999
_c
8664
_d
8664